| 000 | 00721nas a2200241 4500 | ||
|---|---|---|---|
| 001 | BR8805641 | ||
| 003 | BR-BrBNA | ||
| 005 | 20231205091318.0 | ||
| 007 | ta | ||
| 008 | 230509b bl.|||p| |||| 00| 00por d | ||
| 040 |
_aBR-BrBNA _bpor _cBiblioteca Nacional de Agricultura |
||
| 041 | _a(Pt) | ||
| 072 | _aH20 | ||
| 100 | 1 | _aMatos, A.P. de | |
| 245 | 1 | _aEpidemiologia da fusariose do abacaxi | |
| 650 | _aABACAXI | ||
| 650 | _aFUSARIOSE | ||
| 650 | _aFUNGO | ||
| 650 | _aEPIDEMIOLOGIA | ||
| 773 | 0 |
_tInforme Agropecuario - Empresa de Pesquisa Agropecuaria de Minas Gerais (Brazil) _xISSN 0100-3364 _g(Oct 1985), v. 11(130) p. 46-49 _wBR8805641 |
|
| 909 |
_a202311 _bLúcia _c55 _dLúcia Elande |
||
| 942 |
_2AGRIS _n0 _cANA |
||
| 999 |
_c124282 _d124282 |
||